<?xml version="1.0" encoding="UTF-8"?><?xml-stylesheet type="text/xsl" href="static/style.xsl"?><OAI-PMH xmlns="http://www.openarchives.org/OAI/2.0/" xmlns:xsi="http://www.w3.org/2001/XMLSchema-instance" xsi:schemaLocation="http://www.openarchives.org/OAI/2.0/ http://www.openarchives.org/OAI/2.0/OAI-PMH.xsd"><responseDate>2026-04-14T06:56:25Z</responseDate><request verb="GetRecord" identifier="oai:www.recercat.cat:2117/449118" metadataPrefix="marc">https://recercat.cat/oai/request</request><GetRecord><record><header><identifier>oai:recercat.cat:2117/449118</identifier><datestamp>2025-12-17T04:36:26Z</datestamp><setSpec>com_2072_1033</setSpec><setSpec>col_2072_452950</setSpec></header><metadata><record xmlns="http://www.loc.gov/MARC21/slim" xmlns:dcterms="http://purl.org/dc/terms/" xmlns:xsi="http://www.w3.org/2001/XMLSchema-instance" xmlns:doc="http://www.lyncode.com/xoai" xsi:schemaLocation="http://www.loc.gov/MARC21/slim http://www.loc.gov/standards/marcxml/schema/MARC21slim.xsd">
   <leader>00925njm 22002777a 4500</leader>
   <datafield ind2=" " ind1=" " tag="042">
      <subfield code="a">dc</subfield>
   </datafield>
   <datafield ind2=" " ind1=" " tag="720">
      <subfield code="a">Jiménez Quintana, José Antonio</subfield>
      <subfield code="e">author</subfield>
   </datafield>
   <datafield ind2=" " ind1=" " tag="720">
      <subfield code="a">Sánchez-Arcilla Conejo, Agustín</subfield>
      <subfield code="e">author</subfield>
   </datafield>
   <datafield ind2=" " ind1=" " tag="720">
      <subfield code="a">Bou Térmens, Josep</subfield>
      <subfield code="e">author</subfield>
   </datafield>
   <datafield ind2=" " ind1=" " tag="720">
      <subfield code="a">Ortiz Castelló, Miquel Angel</subfield>
      <subfield code="e">author</subfield>
   </datafield>
   <datafield ind2=" " ind1=" " tag="260">
      <subfield code="c">1997-09</subfield>
   </datafield>
   <datafield ind2=" " ind1=" " tag="520">
      <subfield code="a">The use of aerial photographs to estimate short-term shoreline changes, i.e. coastal changes at a monthly scale reflecting seasonal changes in the underlying hydrodynamics, is presented in this paper. To achieve this, a data set of seven vertical aerial photographs with a time span of four months, taken at the Ebro delta (NE Spanish Mediterranean coast) has been used. The method was applied to the analysis of very flat areas, highly dynamic coastal features, storm impacts and to the entire deltaic coast. Although the study area is a microtidal environment, obtained results of the very flat areas analysis do not recommend its use at very short time scales due to meteorological tide influences.&#xd;
The formation, erosion and re-formation of a spit at the river mouth was easily monitored being controlled the evolution of its length, perimeter and subaerial surface. Aerial photos permitted to identify vulnerable zones to impacts of very energetic storms by characterising breaching events along the coast (location and magnitude). Finally, when the method was applied to the entire deltaic coast, a detailed seasonal and spatial distribution of shoreline changes was obtained. The comparison of shoreline rates of change obtained from photos with that obtained from beach profiles shows that the method is reasonably accurate at least for the Ebro delta coast.</subfield>
   </datafield>
   <datafield ind2=" " ind1=" " tag="520">
      <subfield code="a">Peer Reviewed</subfield>
   </datafield>
   <datafield ind2=" " ind1=" " tag="520">
      <subfield code="a">Postprint (published version)</subfield>
   </datafield>
   <datafield ind1="8" ind2=" " tag="024">
      <subfield code="a">http://hdl.handle.net/2117/449118</subfield>
   </datafield>
   <datafield tag="653" ind2=" " ind1=" ">
      <subfield code="a">Àrees temàtiques de la UPC::Enginyeria civil::Enginyeria hidràulica, marítima i sanitària::Ports i costes</subfield>
   </datafield>
   <datafield tag="653" ind2=" " ind1=" ">
      <subfield code="a">Shoreline changes</subfield>
   </datafield>
   <datafield tag="653" ind2=" " ind1=" ">
      <subfield code="a">Aerial photography</subfield>
   </datafield>
   <datafield tag="653" ind2=" " ind1=" ">
      <subfield code="a">Ebro delta</subfield>
   </datafield>
   <datafield tag="653" ind2=" " ind1=" ">
      <subfield code="a">Coastal erosion</subfield>
   </datafield>
   <datafield ind2="0" ind1="0" tag="245">
      <subfield code="a">Analysing short-term shoreline changes along the Ebro Delta (Spain) using aerial photographs</subfield>
   </datafield>
</record></metadata></record></GetRecord></OAI-PMH>